People in Cages / (Record no. 186779)
[ view plain ]
| 000 -LEADER | |
|---|---|
| fixed length control field | 01035 a2200193 4500 |
| 003 - CONTROL NUMBER IDENTIFIER | |
| control field | Nust |
| 005 - DATE AND TIME OF LATEST TRANSACTION | |
| control field | 20230330114109.0 |
| 010 ## - LIBRARY OF CONGRESS CONTROL NUMBER | |
| LC control number | 37003293 |
| 040 ## - CATALOGING SOURCE | |
| Transcribing agency | Nust |
| 082 ## - DEWEY DECIMAL CLASSIFICATION NUMBER | |
| Classification number | 823,ASH |
| 100 ## - MAIN ENTRY--PERSONAL NAME | |
| Personal name | Ashton, Helen, |
| 9 (RLIN) | 111587 |
| 245 ## - TITLE STATEMENT | |
| Title | People in Cages / |
| Statement of responsibility, etc. | Helen Ashton |
| 260 ## - PUBLICATION, DISTRIBUTION, ETC. | |
| Place of publication, distribution, etc. | London, |
| Name of publisher, distributor, etc. | Collins |
| Date of publication, distribution, etc. | 1937. |
| 300 ## - PHYSICAL DESCRIPTION | |
| Extent | 314 p |
| Other physical details | 20 cm |
| 505 ## - FORMATTED CONTENTS NOTE | |
| Formatted contents note | Bond Street (Page-9),Harley Street, I (Page-12),Conduit Street Harley Street, Ii (Page-17),The City (Page-19),The Docks (Page-24),Turnstiles (Page-30),Insect-House (Page-35),Broad Walk (Page-38),Loin House Ii (Page-71),Lioness And Cubs (Page-75),Loins Den (Page-93),Chimpanzees (Page-104),Snakes And Fishes (Page-112),Three Iceland Pond (Page-150),Birds And Prey (Page-162),Telephone Box (Page-167),Elephant Ride (Page-192),Tea House I (Page-202),Tea House Ii (Page-216),Mappin Teachers, I (Page-279),Mappin Teachers, Ii (Page-297),Mapppin Teachers, Iii (Page-301),Night Piece (Page-312). |
| 600 ## - SUBJECT ADDED ENTRY--PERSONAL NAME | |
| Personal name | Ashton, Helen, |
| 9 (RLIN) | 111587 |
| 650 ## - SUBJECT ADDED ENTRY--TOPICAL TERM | |
| Topical term or geographic name entry element | Novel |
| 9 (RLIN) | 2525 |
| 942 ## - ADDED ENTRY ELEMENTS (KOHA) | |
| Source of classification or shelving scheme | |
| Koha item type | Book |
| Call number prefix | 823,ASH |
| Withdrawn status | Lost status | Source of classification or shelving scheme | Damaged status | Not for loan | Permanent Location | Current Location | Shelving location | Date acquired | Full call number | Barcode | Date last seen | Price effective from | Koha item type | Public note |
|---|---|---|---|---|---|---|---|---|---|---|---|---|---|---|
| Military College of Signals (MCS) | Military College of Signals (MCS) | General Stacks | 12/12/2016 | 823,ASH | MCS30091 | 12/08/2016 | 12/12/2016 | Book | Almirh No 75, Shelf No 4 |
